header

Controversies in media ethics (Record no. 252983)

MARC details
000 -LEADER
fixed length control field 00472nam a22001937a 4500
003 - CONTROL NUMBER IDENTIFIER
control field OSt
005 - DATE AND TIME OF LATEST TRANSACTION
control field 20160316115124.0
008 - FIXED-LENGTH DATA ELEMENTS--GENERAL INFORMATION
fixed length control field 160316b xxu||||| |||| 00| 0 eng d
010 ## - LIBRARY OF CONGRESS CONTROL NUMBER
LC control number 9819950
020 ## - INTERNATIONAL STANDARD BOOK NUMBER
International Standard Book Number 0801330254
040 ## - CATALOGING SOURCE
Transcribing agency N/A
050 ## - LIBRARY OF CONGRESS CALL NUMBER
Classification number P94
Item number .G67 1998
100 ## - MAIN ENTRY--PERSONAL NAME
Personal name Gordon A.David; Kittros John Michael
245 ## - TITLE STATEMENT
Title Controversies in media ethics
250 ## - EDITION STATEMENT
Edition statement 2nd ed.
260 ## - PUBLICATION, DISTRIBUTION, ETC. (IMPRINT)
Place of publication, distribution, etc New York
Name of publisher, distributor, etc Longman
Date of publication, distribution, etc c1998
300 ## - PHYSICAL DESCRIPTION
Extent xvii,316p
942 ## - ADDED ENTRY ELEMENTS (KOHA)
Source of classification or shelving scheme Library of Congress Classification
Koha item type Long Loan Books
Holdings
Withdrawn status Lost status Source of classification or shelving scheme Damaged status Not for loan Collection code Home library Current library Shelving location Date acquired Total Checkouts Full call number Barcode Date last seen Date checked out Price effective from Koha item type
    Library of Congress Classification     Non-fiction Rongo University Library Rongo University Library General Stacks 16/03/2016 12 P94 .G67 1998 201610983 11/10/2023 03/10/2023 16/03/2016 Long Loan Books

© 2026 Rongo University
Contact us: librarian | system librarian | Rongo university